000 00863cam a2200313 a 4500
999 _c5367
_d5367
001 14295
003 GBCCL
005 20241126110539.0
008 890224s1989 ilu 000 1 eng
010 _a 89050338
020 _a0891075275
020 _a9780891075271
029 1 _aNZ1
_b3678958
035 _a(OCoLC)ocm20274935
035 _a(OCoLC)20274935
040 _aDLC
_cDLC
_dOCL
_dBTCTA
_dLBB
049 _aLBBK
050 0 0 _aPS3566.E691317
_bP54 1989
082 0 0 _a813.54
_220
_bPER
090 _aPX10
_bP4151p
100 1 _aPeretti, Frank E.
_94118
245 1 0 _aPiercing the darkness /
_cFrank E. Peretti.
260 _aWestchester, Ill. :
_bCrossway Books,
_cc1989.
300 _a441 p. ;
_c22 cm.
500 _aSequel to: This present darkness.
650 0 _aChristian fiction.
_94121
650 0 _aAllegories.
_94122
942 _2ddc
_cBK
_01